Warrior Cats: Firestar - Statistics

General Stats
  • This quiz has been taken 1,205 times
  • The average score is 6 of 10
Answer Stats
Hint Answer % Correct
What was his name as a kittypet? Rusty
97%
What is the name of his best friend? Graystripe
88%
True or False- Is Firestar related to Scourge? True, they are half brothers.
87%
What about his sister's? Princess
74%
Who was his final choice as Deputy? Brambleclaw (later bramblestar)
68%
Who is the mother of the above's kits? Silverstream
60%
And his father's? Jake
57%
What is his mother's name? Nutmeg
42%
In ThunderClan, what is his nephew Cloudtail know for? His sharp tongue
2%
What relation does he have to his killer, Tigerstar? His father was friends with Tigerstar's.
1%
No matching quizzes found
Score Distribution
Percent of People with Each Score
Percentile by Number Answered
Your Score History
You have not taken this quiz